00318nam a2200097Ia 4500008004000000082001600040100002000056245005800076260007800134300000800212210210b1978 xxu||||| |||| 00| 0 eng d a954.02 SATM aSATISH CHANDRA. aMedieval India a textbook for classes XI-XII. Part 1. aNew Delhi.bNational Council of Educational Research and Training.,c1978 a124